[Event "Bad Woerishofen op"]
[Site "?"]
[Date "2001.??.??"]
[Round "1"]
[White "Specht, Helmut"]
[Black "Bischoff, Dieter"]
[Result "0-1"]
[WhiteElo "1831"]
[BlackElo "2222"]
[Annotator "ChessOrg"]
[PlyCount "108"]
[EventDate "2000.??.??"]

1. e4 {B23: Sizilianisch (Geschlossenes System)} 1... c5 2. Nc3 Nc6 3. f4 g6 4.
Nf3 Bg7 5. Bc4 e6 6. O-O Nge7 7. d3 O-O 8. Qe1 d5 9. Bb3 9... a6 {
letzter Buchzug} 10. a3 b5 11. Qh4 c4 12. Ba2 f5 13. e5 b4 14. axb4 Nxb4 15.
Bb1 cxd3 16. cxd3 Nec6 17. Qf2 Rf7 18. Be3 Rb8 19. Bc5 Bf8 20. Bxf8 Kxf8 21. d4
a5 22. Na4 Rfb7 23. Nc5 Rb6 24. Ng5 Qe7 25. Rc1 h6 26. Nf3 26... Na6 $2 (26...
Kg7 27. Qd2 $14) 27. Nd3 (27. Na4 $5 $18 $142) 27... Nab4 28. Nc5 (28. Nxb4
axb4 29. Bd3 29... Bb7 $16) 28... Bd7 (28... Na6 29. Na4 $18) 29. Nh4 Be8 30.
Qg3 (30. Na4 $142 30... R6b7 31. Nf3 $14) 30... Nxd4 $19 31. Qe3 (31. Nxg6+
Bxg6 32. Qxg6 Ne2+ 33. Kf1 Nxc1 34. Qxh6+ Ke8 35. Rxa5 Nc6 36. Qh8+ Qf8 37.
Qh5+ Qf7 38. Qh8+ Ke7 39. Qh4+ Kf8 40. Qh8+ Ke7 41. Qh4+ Kf8 42. Qh8+ 42... Ke7
$11) 31... Qxh4 (31... Nbc6 $5 $142 32. Nf3 Nxf3+ 33. Qxf3 33... Rxb2 $19) 32.
Qxd4 $17 32... Qe7 33. Rxa5 $4 (33. Qf2 $142 33... Nc6 34. Nd3 $17) 33... Nc6
$19 34. Qc3 Nxa5 35. Qxa5 Rb5 (35... Rxb2 36. Bd3 $19) 36. Qa3 Kg8 37. b3 (37.
Rc2 g5 38. g3 $19) 37... Rc8 (37... Rxb3 $1 $142 38. Qxb3 Rxb3 39. Nxb3 39...
Qb4 $19) 38. b4 Rbb8 39. Bd3 Bb5 40. Bxb5 Rxb5 41. Qa6 Rbxc5 (41... Qe8 $5 42.
Qa3 42... Ra8 $19) 42. bxc5 $17 42... Rxc5 43. Rb1 Rc7 44. h3 g5 45. Rb8+ (45.
fxg5 hxg5 46. Kh2 46... g4 $15) 45... Kg7 46. Qa8 Qf7 (46... gxf4 $5 47. Rg8+
47... Kf7 $17) 47. fxg5 $15 47... hxg5 48. Rh8 f4 49. Re8 $2 (49. Qd8 $5 $17
$142) 49... Rc1+ $19 50. Kf2 Rc3 (50... f3 $142 51. g3 51... Rh1 $19) 51. Rb8
$17 51... f3 52. g3 Rc2+ 53. Kf1 f2 54. Rb7 $4 (54. Qa3 $142 54... Re2 55. Qf8+
Qxf8 56. Rxf8 Rxe5 57. Rxf2 $19) 54... Rc1+ (54... Rc1+ 55. Ke2 f1=Q+ 56. Ke3
Q1f3+ 57. Kd2 Qc3+ 58. Ke2 Re1#) 0-1

[Event "Bad Woerishofen op"]
[Site "Bad Woerishofen"]
[Date "2001.??.??"]
[Round "3"]
[White "Specht, Helmut"]
[Black "Kayser, Wilhelm"]
[Result "1-0"]
[WhiteElo "1831"]
[BlackElo "1469"]
[Annotator "ChessOrg"]
[PlyCount "73"]
[EventDate "1998.03.05"]
[Source "ChessBase"]
[SourceDate "1998.04.29"]

1. e4 {B12: Caro-Kann (Vorstoss-Variante)} 1... c6 2. d4 d5 3. e5 Bf5 4. Bd3
Bxd3 5. Qxd3 e6 6. a3 {letzter Buchzug} 6... Nd7 7. Nf3 h6 8. O-O Ne7 9. Nh4 c5
10. c3 cxd4 11. cxd4 Rc8 12. f4 Nc6 13. Nf3 Be7 14. f5 Qb6 15. fxe6 fxe6 (15...
Ndxe5 $142 16. Nxe5 Nxe5 17. exf7+ 17... Kf8 $11) 16. b4 $4 (16. Qg6+ $142
16... Kd8 17. Qxe6 (17. Qxg7 $143 17... Rf8 18. Be3 18... Ndxe5 $15) 17...
Ndxe5 18. Qxd5+ Nd7 19. Nc3 $16) 16... Ncxe5 17. Nxe5 Nxe5 18. Qd1 Nc4 (18...
Bf6 19. Be3 $19) 19. Kh1 (19. Qg4 Rf8 20. Nc3 Ne5 21. Qh5+ 21... Nf7 $19) 19...
Kd7 (19... Bf6 $5 20. Qh5+ Kd8 21. Bd2 $19) 20. Nc3 $17 20... Rhf8 21. Re1 Rf5
22. Na4 Qc7 23. Qg4 (23. Ra2 23... Rcf8 $17) 23... Rcf8 $19 24. Qe2 R8f6 25.
Be3 b6 26. Rac1 Qb8 27. Rc3 Qf8 28. Bg1 Rf1 29. Rcc1 Rxe1 30. Rxe1 Nxa3 31. Qa6
Qb8 (31... Bxb4 32. Qxa7+ Ke8 33. Nxb6 $18) 32. Nb2 Bxb4 33. Qa4+ b5 34. Qxb4
Nc2 35. Qd2 Nxe1 36. Qxe1 36... Kd6 $4 (36... Kd8 $17 $142) 37. Qe5+ $18 (37.
Qe5+ Ke7 38. Qxb8 $18) 1-0

[Event "Bad Woerishofen op"]
[Site "Bad Woerishofen"]
[Date "2001.??.??"]
[Round "5"]
[White "Specht, Helmut"]
[Black "Schiegg, Peter"]
[Result "0-1"]
[WhiteElo "1831"]
[BlackElo "2049"]
[Annotator "ChessOrg"]
[PlyCount "82"]
[EventDate "1998.03.05"]
[Source "ChessBase"]
[SourceDate "1998.04.29"]

1. e4 {B23: Sizilianisch (Geschlossenes System)} 1... c5 2. Nc3 Nc6 3. f4 d6 4.
Bc4 g6 5. Nf3 Bg7 6. O-O e6 7. d3 Nge7 8. Qe1 O-O 9. f5 9... Na5 {
letzter Buchzug} 10. Qh4 gxf5 (10... exf5 $143 11. Bg5 Re8 12. Nd5 $16) (10...
Nxc4 11. f6 (11. dxc4 $143 11... exf5 12. Bh6 Bxh6 13. Qxh6 13... f6 $17) 11...
Nf5 12. exf5 Qxf6 13. Bg5 (13. dxc4 $6 13... Qxh4 14. Nxh4 Bd4+ 15. Kh1 15...
gxf5 $18) (13. Qxc4 $6 13... Qxf5 14. Nb5 14... Qd5 $18) 13... Qxf5 14. g4 (14.
Qxc4 $6 14... f6 15. g4 15... d5 $18) (14. dxc4 $6 14... f6 15. Bc1 15... Bd7
$18) 14... Qxf3 15. Rxf3 Bd4+ 16. Kg2 Nxb2 17. Bf6 Bxf6 18. Qxf6 $18) 11. Bb3
Nxb3 12. axb3 f6 13. Qg3 d5 (13... e5 14. Qh4 $15) 14. e5 Ng6 15. exf6 Qxf6 16.
Nb5 f4 (16... Bd7 17. Nc7 Rac8 18. Qd6 $15 (18. Rxa7 $2 18... f4 19. Nxd5 19...
exd5 $19)) 17. Qf2 $15 17... Qe7 18. Nc3 (18. Nxa7 $5 18... Bd7 19. b4 $15)
18... Bd7 19. Re1 Qd6 20. Bd2 b6 21. Kh1 a5 22. Bc1 Rae8 23. Ne2 (23. Bd2 23...
e5 $17) 23... e5 24. Nh4 Qf6 (24... Nxh4 25. Qxh4 f3 26. gxf3 Rxf3 27. Rg1 $19)
25. Nxg6 hxg6 26. Nc3 Bc6 27. Qf1 (27. Rf1 27... Qd6 $17) 27... Kh7 28. Kg1 (
28. Na4 d4 29. Kg1 f3 30. gxf3 30... Qh4 $19) 28... Rh8 (28... e4 $5 29. dxe4
dxe4 30. Qf2 $19) 29. Qf3 Qd6 30. Bd2 Rhf8 31. Qh3+ Kg8 32. Rf1 e4 33. dxe4
dxe4 34. Rad1 (34. Be1 $19) 34... Bd4+ 35. Kh1 e3 36. Bxe3 (36. Ne2 exd2 37.
Nxd4 37... Qxd4 $19) 36... fxe3 (36... Rxe3 $142 37. Qg4 f3 38. Rg1 $19) 37.
Rxf8+ Qxf8 (37... Rxf8 38. Qg4 Rf4 39. Qc8+ Kf7 40. Qh3 Bxc3 41. Rg1 $19 (41.
Rxd6 $4 41... Rf1#)) 38. Qg4 (38. Ne2 Be4 39. c3 Qf2 40. cxd4 40... Qxe2 $19)
38... Qf5 (38... Bxc3 39. Qc4+ Kh7 40. Rf1 Qxf1+ 41. Qxf1 $19) 39. Qe2 (39.
Qxf5 gxf5 40. Ne2 40... Bxb2 $19) 39... Qf2 (39... Qh3 $142 40. Rxd4 40... cxd4
$19) 40. Qxf2 (40. Qg4 e2 41. Qxg6+ Kf8 42. Nxe2 Rxe2 43. Qh6+ Bg7 44. Qd6+ Kg8
45. Qd8+ Be8 46. Qd5+ Kh8 47. h3 Re1+ 48. Rxe1 Qxe1+ 49. Kh2 Be5+ 50. Qxe5+
Qxe5+ 51. Kg1 Qe2 52. Kh2 Qf2 53. c3 Bc6 54. b4 Qxg2#) 40... exf2 41. h3 (41.
Ne2 Rxe2 42. h4 Re1+ 43. Kh2 f1=Q 44. Rd2 Qf4+ 45. g3 Rh1#) 41... Re1+ (41...
Re1+ 42. Kh2 f1=Q 43. Nd5 Be5+ 44. Nf4 Qxg2#) 0-1

[Event "Bad Woerishofen op"]
[Site "Bad Woerishofen"]
[Date "2001.??.??"]
[Round "8"]
[White "Specht, Helmut"]
[Black "Friedrich, Wolfgang"]
[Result "1-0"]
[WhiteElo "1831"]
[BlackElo "2095"]
[Annotator "ChessOrg"]
[PlyCount "121"]
[EventDate "1998.03.05"]
[Source "ChessBase"]
[SourceDate "1998.04.29"]

1. e4 {B23: Sizilianisch (Geschlossenes System)} 1... c5 2. Nc3 Nc6 3. f4 e6 4.
Nf3 d5 5. exd5 exd5 6. Bb5 6... a6 {letzter Buchzug} 7. Bxc6+ bxc6 8. O-O (8.
Qe2+ 8... Be7 $11) 8... Bd6 $15 9. d3 Ne7 10. Qe1 O-O 11. Qf2 Rb8 12. b3 Qa5 (
12... Ng6 13. Na4 $15) 13. Bd2 Qc7 14. g3 Bg4 15. Na4 f6 16. Nxc5 16... Rb5 $2
(16... Qa7 17. Na4 Qxf2+ 18. Rxf2 $14) 17. Na4 (17. Nxa6 $5 $142 17... Qc8 18.
a4 $18) 17... c5 18. c4 Rbb8 19. Nc3 g5 (19... d4 20. Ne4 $14) 20. Ne1 Bh3 21.
Ng2 (21. Nxd5 $6 21... Nxd5 22. cxd5 gxf4 23. Bxf4 Bxf1 24. Kxf1 Bxf4 25. gxf4
25... Rb4 $11) 21... Qc6 (21... d4 22. Ne4 $16) 22. cxd5 Nxd5 23. Qf3 Be6 24.
Rfe1 (24. Ne3 Ne7 25. Ne4 gxf4 26. gxf4 26... Rf7 $18) 24... g4 25. Qe2 (25.
Qe4 $5 25... Rfe8 26. Ne3 f5 27. Nxf5 27... Bf8 $18) 25... Rbe8 26. Nxd5 Qxd5
27. Qe4 Qh5 (27... Qxe4 $5 28. dxe4 28... c4 $16) 28. Qc6 $18 28... Qd5 29.
Qxd5 Bxd5 30. Ne3 Bf3 31. Nc4 Bb8 32. Kf2 Rd8 33. Re3 Rf7 34. Ba5 Bc7 35. Bxc7
Rxc7 36. Ke1 h5 37. h4 Kf8 38. Kd2 Rcd7 39. Rae1 a5 (39... Bc6 40. Kc3 $16) 40.
a4 (40. Nxa5 $6 40... Ra7 41. Nc4 Rxa2+ 42. Kc3 42... Rg2 $14) 40... Ra7 (40...
Bd5 41. Kc3 Bxc4 42. bxc4 $16) 41. Kc3 (41. Re6 41... Kg7 $18) 41... Kf7 (41...
Bd5 42. R3e2 $16) 42. Re6 (42. Re8 $1 42... Rxe8 43. Nd6+ Kg7 44. Nxe8+ 44...
Kg6 $18) 42... Rad7 $16 43. Nb2 Rb7 44. Nc4 (44. Ra6 Rdb8 45. Kc2 45... Rxb3
$14) 44... Rbd7 45. R1e3 45... Rb8 $2 (45... Rxd3+ $142 46. Rxd3 Rxd3+ 47. Kxd3
Kxe6 48. Nxa5 48... Bd5 $16) 46. Ra6 $18 46... Rbd8 (46... Ra8 47. Rxa8 Bxa8
48. Nb6 $18) 47. Nxa5 Bg2 48. Nc4 Bf1 49. Nb2 c4 (49... Rb8 $18) 50. bxc4 Rb7
51. Ra5 Kg6 52. Rb5 Rbd7 53. Rb6 Kg7 54. a5 Kg6 (54... Kf7 55. Rb5 Rh8 56. a6
$18) 55. a6 Bg2 (55... Kf7 56. Ree6 $18) 56. Ree6 Bf1 57. Rxf6+ Kg7 58. Rg6+
Kh7 (58... Kf7 59. Rbf6+ Ke7 60. Rf5 $18) 59. Rh6+ Kg7 60. Rbg6+ Kf7 61. f5 (
61. f5 Bg2 62. Rxh5 $18) 1-0

[Event "Bad Woerishofen op"]
[Site "Bad Woerishofen"]
[Date "2001.??.??"]
[Round "2"]
[White "Spieker, Hans-Joachim"]
[Black "Keller, Manfred"]
[Result "1/2-1/2"]
[WhiteElo "1846"]
[BlackElo "2229"]
[Annotator "ChessOrg"]
[PlyCount "49"]
[EventDate "1998.03.05"]
[Source "ChessBase"]
[SourceDate "1998.04.29"]

1. Nf3 {A15: Englisch gegen Koenigs-Fianchetto} 1... Nf6 2. c4 g6 3. b4 a5 4.
b5 d6 5. Bb2 e5 6. d3 Bg7 7. g3 O-O 8. Bg2 Nbd7 9. Nbd2 {letzter Buchzug} 9...
a4 10. O-O Nc5 11. Rb1 Re8 12. d4 exd4 13. Nxd4 Bd7 14. Re1 Qc8 15. N2f3 Bh3
16. Bh1 Qg4 17. Qc1 Nfe4 18. Nc2 f6 (18... Bxb2 19. Qxb2 Nxf2 20. Kxf2 Ne4+ 21.
Ke3 Nxg3+ 22. Kd2 Nxh1 23. Rxh1 Qf4+ 24. Kd1 $15) 19. Ne3 Qh5 20. Nd5 Bh6 (
20... Rac8 21. Nf4 Qg4 22. Nd2 $11) 21. Qd1 Qf5 (21... Nd7 $14) 22. Bc1 (22.
Nxc7 $5 $142 22... Bd2 23. Nxa8 Rxa8 24. Bd4 Bxe1 25. Nxe1 $16) 22... Bxc1 $11
23. Rxc1 Rac8 24. Ne3 Qe6 25. Qd5 1/2-1/2

[Event "Bad Woerishofen op"]
[Site "Bad Woerishofen"]
[Date "2001.??.??"]
[Round "4"]
[White "Spieker, Hans-Joachim"]
[Black "Schicker, Rudolf"]
[Result "1-0"]
[WhiteElo "1846"]
[BlackElo "1650"]
[Annotator "ChessOrg"]
[PlyCount "29"]
[EventDate "1998.03.05"]
[Source "ChessBase"]
[SourceDate "1998.04.29"]

1. Nf3 {E17: Damenindisch (Hauptfortsetzung)} 1... Nf6 2. c4 e6 3. g3 b6 4. Bg2
Bb7 5. O-O c5 6. b3 Be7 7. Bb2 O-O 8. Nc3 d5 9. cxd5 exd5 10. d4 Nc6 11. dxc5 {
letzter Buchzug} 11... bxc5 12. Na4 Qa5 (12... Re8 13. Rc1 Ba6 14. Re1 $16 (14.
Nxc5 $143 14... Bxc5 15. Rxc5 Bxe2 16. Bxf6 Qxf6 17. Qxd5 17... Nb4 $15 (17...
Bxf1 $143 18. Rxc6 Red8 19. Qc5 $18))) 13. Qd2 (13. Rc1 Nb4 14. Bxf6 14... gxf6
$16) 13... Ne4 $2 (13... Rac8 $11 $142) 14. Qxd5 $18 14... Nb4 $4 (14... Nd8
$142 15. Qd3 15... Ne6 $18) 15. Qxb7 (15. Qxb7 Nxg3 16. fxg3 $18) 1-0

[Event "Bad Woerishofen op"]
[Site "Bad Woerishofen"]
[Date "2001.??.??"]
[Round "6"]
[White "Spieker, Hans-Joachim"]
[Black "Woerl, Richard"]
[Result "1/2-1/2"]
[WhiteElo "1846"]
[BlackElo "2088"]
[Annotator "ChessOrg"]
[PlyCount "93"]
[EventDate "1998.03.05"]
[Source "ChessBase"]
[SourceDate "1998.04.29"]

1. Nf3 {A13: Reti-Eroeffnung} 1... d5 2. c4 e6 3. g3 Nf6 4. Bg2 Nbd7 5. b3 c6
6. O-O 6... e5 {letzter Buchzug} 7. d3 Bd6 8. cxd5 cxd5 9. Bb2 O-O 10. Nbd2 Qe7
11. e4 dxe4 12. dxe4 Nb6 13. h3 Rd8 14. Qe2 Bd7 15. Nc4 (15. Rac1 15... Rac8
$11) 15... Nxc4 $15 16. Qxc4 a6 17. Rfc1 Rac8 18. Qe2 Bb5 19. Qe3 Bc5 20. Qe1
Bb4 21. Bc3 $2 (21. Qe3 $5 $11 $142) 21... Rxc3 $17 22. Rxc3 22... Nxe4 $1 (
22... Bxc3 $6 23. Qxc3 Re8 24. Nh4 $11) 23. Qxe4 Bxc3 24. Rc1 Bb2 25. Re1 f6
26. Nh4 Bc6 27. Qc4+ Qf7 28. Qxf7+ Kxf7 29. Bxc6 bxc6 30. Re2 Rd1+ 31. Kg2 Bd4
32. Nf5 c5 33. Nd6+ Kg6 34. Nc4 Kf7 (34... Kg5 35. h4+ Kf5 36. Nd6+ Ke6 37. Ne8
$17) 35. Nd6+ Kf8 36. Rc2 (36. Nb7 Rb1 37. Nd6 Ke7 38. Nf5+ 38... Kf7 $17)
36... Rb1 (36... Bxf2 $5 $142 37. Kxf2 37... Rxd6 $19) 37. Ne4 Ra1 38. a4 Rb1
39. Nxc5 Bxc5 40. Rxc5 Rxb3 41. Rc6 Rb7 42. Rxa6 Ke7 43. Ra8 Kd7 44. a5 Kc6 45.
a6 Rc7 46. a7 Kb7 (46... h6 47. Kf3 $15) 47. Rh8 $11 1/2-1/2

[Event "Bad Woerishofen op"]
[Site "Bad Woerishofen"]
[Date "2001.??.??"]
[Round "8"]
[White "Spieker, Hans-Joachim"]
[Black "Zillich, Rainer"]
[Result "1-0"]
[WhiteElo "1846"]
[BlackElo "1476"]
[Annotator "ChessOrg"]
[PlyCount "53"]
[EventDate "1998.03.05"]
[Source "ChessBase"]
[SourceDate "1998.04.29"]

1. Nf3 {A30: Englische Eroeffnung (Symmetrische Variante)} 1... c5 2. c4 Nc6 3.
g3 b6 4. Bg2 Bb7 5. b3 Nf6 6. Bb2 e6 7. O-O Be7 8. Nc3 O-O 9. Re1 a6 10. e3 {
letzter Buchzug} 10... Qc7 11. d4 Rad8 12. d5 exd5 13. Nxd5 (13. cxd5 13... Na5
$14) 13... Nxd5 $14 14. cxd5 (14. Qxd5 $143 14... Nd4 15. Qh5 15... Nc2 $17)
14... Nb8 15. Be5 (15. Nh4 Bxh4 16. Qg4 f6 17. Qxh4 17... Rfe8 $14) 15... d6
$11 16. Bb2 Nd7 17. Rc1 Bf6 18. Bxf6 Nxf6 19. e4 b5 20. Qc2 a5 21. e5 Nxd5 (
21... dxe5 22. Nxe5 Bxd5 23. Qxc5 Qxc5 24. Rxc5 Bxg2 25. Kxg2 $14) 22. Ng5 $14
22... g6 23. exd6 Rxd6 24. Qe4 (24. Qxc5 Rc6 25. Qxc6 Qxc6 26. Rxc6 26... Bxc6
$16) 24... Bc8 (24... h6 $142 25. Nh3 25... Rfd8 $17) 25. Qe5 $14 25... Nb4 $2
(25... Qd7 26. Rxc5 Bb7 27. Bh3 $16) 26. Rxc5 (26. Ne4 $142 26... Nd3 27. Qxd6
Qxd6 28. Nxd6 Nxe1 29. Rxe1 $18) 26... Qd8 $4 (26... Qb6 $142 27. Rxb5 27...
Qd8 $14) 27. Rxc8 $1 $18 (27. Rxc8 Qxc8 28. Qxd6 Nxa2 29. Ne4 $18) 1-0

[Event "Bad Woerishofen op"]
[Site "?"]
[Date "2001.??.??"]
[Round "1"]
[White "Sponagel, Gunter"]
[Black "Semmler, Guenter"]
[Result "0-1"]
[WhiteElo "1500"]
[BlackElo "2111"]
[Annotator "ChessOrg"]
[PlyCount "92"]
[EventDate "2000.??.??"]

1. d4 {A53: Altindisch} 1... Nf6 2. c4 d6 3. Nf3 Nbd7 4. e3 {letzter Buchzug}
4... e5 5. dxe5 (5. Nc3 5... Be7 $11) 5... dxe5 6. Nc3 c6 7. a3 a5 8. Be2 Be7
9. Qc2 Qc7 10. O-O O-O 11. h3 Re8 12. Nd2 Nf8 13. Nde4 Nxe4 14. Nxe4 f5 15. Ng3
g6 16. Rd1 Be6 17. b3 Rad8 18. Bb2 Rxd1+ 19. Rxd1 Rd8 20. Qc3 Rxd1+ 21. Bxd1
Nd7 22. e4 f4 23. Nf1 Bc5 24. Nh2 Qd6 25. Qc1 Kf7 (25... Bd4 26. Bxd4 Qxd4 27.
Bc2 $11) 26. Nf3 $14 26... h6 27. Bc2 27... Bb6 $4 (27... g5 28. Qa1 $11) 28.
Ne1 $4 (28. Nxe5+ $142 28... Kg8 29. Nxg6 (29. Qxf4 $6 29... g5 30. Qg3 Qd2 31.
Nxd7 31... Bxd7 $16) 29... Bxh3 30. e5 $18 (30. gxh3 $6 30... Qxg6+ 31. Kh1
31... Bxf2 $11) (30. Nxf4 $6 30... Bg4 $18)) 28... a4 29. Qd1 Qxd1 30. Bxd1
axb3 31. Bxb3 Ke7 32. Nd3 Kd6 (32... Bc7 33. Bc3 $15) 33. Kf1 (33. a4 33... g5
$11) 33... g5 (33... Bc5 34. Nc1 $15) 34. f3 (34. a4 $5 $11) 34... Bc5 $17 35.
Ke2 b5 36. Nf2 (36. Ba2 36... h5 $17) 36... bxc4 37. Bd1 Bd4 38. Bc1 Nc5 39.
Bc2 (39. Ng4 $5 $19 $142) 39... Nb3 40. Bxb3 cxb3 41. Nd1 Bc4+ 42. Ke1 c5 43.
Bb2 Ba6 44. Bc1 c4 45. Bb2 $2 (45. Kd2 $19) 45... Bxb2 46. Nxb2 c3 (46... c3
47. Na4 47... c2 $19) 0-1

[Event "Bad Woerishofen op"]
[Site "Bad Woerishofen"]
[Date "2001.??.??"]
[Round "3"]
[White "Sponagel, Gunter"]
[Black "Pruess, Martin"]
[Result "0-1"]
[WhiteElo "1500"]
[BlackElo "1840"]
[Annotator "ChessOrg"]
[PlyCount "76"]
[EventDate "1998.03.05"]
[Source "ChessBase"]
[SourceDate "1998.04.29"]

1. d4 {A41: Moderne Verteidigung} 1... d6 2. c4 e5 3. dxe5 dxe5 4. Qxd8+ Kxd8
5. Nc3 Be6 6. e4 {letzter Buchzug} 6... Nd7 7. Be3 c6 8. a3 a5 (8... Ngf6 9.
Nf3 $11) 9. Nf3 $14 9... f6 10. Be2 Kc7 11. O-O Bc5 12. Bxc5 Nxc5 13. Rad1 (13.
b4 $5 13... Nd7 14. Rad1 $14) 13... a4 $11 14. h3 Ne7 (14... Nh6 15. Rfe1 $11)
15. Rfe1 (15. Nd5+ Bxd5 16. exd5 $15) 15... Ra6 (15... Ng6 16. Bf1 $15) 16. b4
(16. Nd5+ cxd5 17. cxd5 $14) 16... axb3 $15 17. Nd2 (17. Nd5+ cxd5 18. cxd5
Rxa3 19. dxe6 Nxe6 20. Rb1 $19) 17... Rxa3 18. Ndb1 Ra1 19. Nd2 (19. Nd5+ Bxd5
20. exd5 $19) 19... Rxd1 $19 20. Rxd1 Rd8 21. f3 Nc8 22. Ncb1 (22. Kf2 22...
Nb6 $19) 22... Nb6 23. Na3 Nba4 24. Nab1 b2 25. Kf1 Rd4 26. Ke1 Kb6 27. Nf1
Rxd1+ 28. Kxd1 Ka5 29. Kc2 Kb4 30. Ne3 (30. Nfd2 30... b6 $19) 30... Nb3 31.
Bd3 Nd4+ 32. Kd1 Nc3+ 33. Nxc3 Kxc3 34. Bb1 Bxc4 35. Nxc4 Kxc4 36. Kd2 Kb3 37.
Kd3 c5 38. Kd2 c4 (38... c4 39. Ke3 39... c3 $19) 0-1

[Event "Bad Woerishofen op"]
[Site "Bad Woerishofen"]
[Date "2001.??.??"]
[Round "7"]
[White "Sponagel, Gunter"]
[Black "Wiesbeck, Florian"]
[Result "0-1"]
[WhiteElo "1500"]
[BlackElo "1815"]
[Annotator "ChessOrg"]
[PlyCount "98"]
[EventDate "1998.03.05"]
[Source "ChessBase"]
[SourceDate "1998.04.29"]

1. d4 {D31: Damengambit (Halbslawisch)} 1... d5 2. c4 c6 3. e3 Nf6 4. Nc3 e6 5.
a3 Nbd7 6. b4 {letzter Buchzug} 6... a5 7. b5 dxc4 8. bxc6 bxc6 9. Bxc4 Nb6 10.
Be2 Bd6 11. Nf3 O-O 12. O-O Qc7 13. h3 Nbd5 14. Nxd5 (14. Bd2 14... Bb7 $11)
14... cxd5 15. a4 Ne4 16. Ba3 $2 (16. Bb5 $5 $11 $142) 16... Bxa3 (16... Nc3
17. Bxd6 Qxd6 18. Qd2 Nxe2+ 19. Qxe2 $19) 17. Rxa3 $17 17... Nc3 18. Qd2 (18.
Rxc3 $5 $142 18... Qxc3 19. Qc1 Qxc1 20. Rxc1 $19) 18... Nxe2+ $19 19. Qxe2 Ba6
20. Qd2 Bxf1 21. Kxf1 Qc4+ 22. Kg1 Rfc8 23. Kh2 Qc2 24. Qxc2 Rxc2 25. Kg3 Rb8
26. Ne1 Rcb2 (26... Rc4 27. Nd3 $19) 27. Nd3 R2b3 28. Rxb3 Rxb3 29. Nc5 Rb4 30.
Kf3 Kf8 31. Ke2 Ke7 32. f3 Kd6 (32... Rb2+ 33. Kf1 $19) 33. f4 f6 34. g3 Rc4
35. Kd3 Rxc5 36. dxc5+ Kxc5 37. Kc3 e5 38. f5 d4+ 39. exd4+ exd4+ 40. Kd3 h5
41. g4 hxg4 (41... h4 42. Kd2 Kc4 43. Kc2 d3+ 44. Kd2 $19) 42. hxg4 Kd5 43. Kd2
Ke4 44. Ke2 d3+ 45. Kd2 Kd4 46. Kd1 Kd5 47. Kd2 Kc4 48. Kc1 (48. Kd1 Kb3 49.
Kd2 Kxa4 50. Kxd3 $19) 48... Kc3 49. Kd1 d2 (49... d2 50. g5 50... fxg5 $19)
0-1

[Event "Bad Woerishofen op"]
[Site "Bad Woerishofen"]
[Date "2001.??.??"]
[Round "9"]
[White "Sponagel, Gunter"]
[Black "Haering, Walter-Georg"]
[Result "1/2-1/2"]
[WhiteElo "1500"]
[BlackElo "1500"]
[Annotator "ChessOrg"]
[PlyCount "86"]
[EventDate "1998.03.05"]
[Source "ChessBase"]
[SourceDate "1998.04.29"]

1. d4 {D30: Damengambit (ohne Sc3)} 1... d5 2. Nf3 e6 3. c4 Nf6 4. Bg5 Be7 5.
Bxf6 {letzter Buchzug} 5... Bxf6 6. e3 O-O 7. Be2 (7. Nc3 7... b6 $14) 7... Nd7
8. cxd5 exd5 9. Nc3 c6 10. O-O Be7 11. Rc1 Nf6 12. h3 Bf5 13. Bd3 Bxd3 14. Qxd3
Bd6 15. Rfe1 Re8 16. e4 dxe4 17. Nxe4 h6 18. Re2 Nxe4 19. Rxe4 Rxe4 20. Qxe4
Qe7 21. Qxe7 Bxe7 22. Re1 Kf8 23. Kf1 Rd8 24. Rd1 Bf6 25. b3 a5 26. Ke2 Rd5 27.
Kd3 Ke7 28. a4 Kd6 29. Kc2 Rf5 30. Rd3 (30. Kd3 30... g6 $15) 30... h5 (30...
Kd5 31. g3 $17) 31. Kd2 (31. Re3 31... Rd5 $11) 31... g5 $17 32. Ke2 g4 (32...
Kd5 $5 $17) 33. hxg4 hxg4 34. Nd2 Kd5 35. Ke3 (35. Nc4 $142 35... Rf4 36. Ne3+
Kd6 37. g3 $11) 35... Bg5+ $17 36. Ke2 Bf6 (36... Bxd2 $5 $142 37. Rxd2 37...
Rf4 $17) 37. Ke3 (37. Nc4 Rf4 38. Ne3+ 38... Kd6 $11) 37... Rh5 (37... Bh4 38.
Ne4 $15) 38. Ne4 (38. Kf4 38... Bd8 $11) 38... Bg7 39. f3 gxf3 40. gxf3 Bh6+
41. Kf2 Bg7 (41... Bg5 42. Kg2 $15) 42. Nc3+ (42. Ke3 $5 $11) 42... Kd6 $15 43.
Ne4+ Kd5 (43... Ke7 $5 $15) 1/2-1/2

[Event "Bad Woerishofen op"]
[Site "?"]
[Date "2001.??.??"]
[Round "1"]
[White "Sprenger, Jan"]
[Black "Hartung, Thomas"]
[Result "1-0"]
[WhiteElo "2326"]
[BlackElo "2062"]
[Annotator "ChessOrg"]
[PlyCount "51"]
[EventDate "2000.??.??"]

1. e4 {B90: Sizilianisch (Najdorf-Variante, Abweichungen)} 1... c5 2. Nf3 d6 3.
d4 cxd4 4. Nxd4 Nf6 5. Nc3 a6 6. Bc4 e5 7. Nf5 {letzter Buchzug} 7... Bxf5 8.
exf5 Nc6 9. Bg5 Be7 10. Bxf6 Bxf6 11. Ne4 Nd4 12. c3 d5 13. Nxf6+ gxf6 14. O-O
(14. Bxa6 $5 $142 14... Rxa6 15. cxd4 Qa5+ 16. Qd2 $14) 14... dxc4 $15 15. cxd4
Qxd4 (15... exd4 $143 16. Re1+ Kf8 17. Re4 $14) 16. Qa4+ b5 17. Qa3 Qd7 18.
Rad1 Qe7 19. Qg3 Qc5 20. b4 (20. Rfe1 20... Rc8 $11) 20... cxb3 (20... Qxb4 $5
21. f4 Qc5+ 22. Kh1 22... e4 $17) 21. Rc1 21... Qd4 $4 (21... Qb6 $142 22. axb3
22... Rd8 $15) 22. Qg7 $18 22... Ke7 (22... Rf8 23. Qxf6 23... Rd8 $18) 23.
Rc7+ Kd6 (23... Qd7 24. Rxd7+ Kxd7 25. Qxf7+ Kd6 26. Rc1 Rhe8 27. Qc7+ Kd5 28.
Qc6+ Kd4 29. Rd1#) 24. Qxf7 Rhd8 25. Rfc1 Qd5 (25... Qc4 26. R1xc4 bxc4 27.
Qxc4 bxa2 28. Qc6#) 26. Qe7# 1-0

[Event "Bad Woerishofen op"]
[Site "Bad Woerishofen"]
[Date "2001.??.??"]
[Round "3"]
[White "Sprenger, Jan"]
[Black "Hempel, Olaf"]
[Result "1-0"]
[WhiteElo "2326"]
[BlackElo "2146"]
[Annotator "ChessOrg"]
[PlyCount "51"]
[EventDate "1998.03.05"]
[Source "ChessBase"]
[SourceDate "1998.04.29"]

1. e4 {D42: Damengambit (Verbesserte Tarrasch-Verteidigung)} 1... c6 2. d4 d5
3. exd5 cxd5 4. c4 Nf6 5. Nc3 e6 6. Nf3 Be7 7. cxd5 Nxd5 8. Bd3 Nc6 9. O-O O-O
10. Re1 Nf6 11. a3 b6 12. Bc2 Ba6 13. Bg5 Rc8 14. Qd2 14... g6 {letzter Buchzug
} 15. b4 Nd5 16. Ne4 Bxg5 17. Nexg5 (17. Nfxg5 $143 17... Nxd4 18. Qxd4 18...
Rxc2 $17) 17... Qf6 18. Re4 h6 19. Nh3 Kg7 20. Rae1 Rcd8 (20... Rfd8 21. Ne5
$11) 21. Nf4 $14 21... Rfe8 (21... Nce7 $5 $14) 22. Nxd5 $16 22... Rxd5 23. Bb3
(23. Rf4 $5 23... Qd8 24. Be4 $16) 23... Rd6 24. d5 24... Kh7 $2 (24... Nd8 $16
$142) 25. Rh4 $18 25... h5 (25... Nd8 26. Qxh6+ Kg8 27. Ng5 $18) 26. Rf4 (26.
Rf4 Qd8 27. Qc3 $18) 1-0